Dalibor Karvay Souvenirs

Bibliographic Details
Main Author: Burlas, Ladislav, 1927-2024 (Composer)
Other Authors: Karvay, Dalibor, 1985- (Performer), Buranovský, Daniel, 1964- (Performer), Waxman, Franz, Saint-Saëns, Camille, 1835-1921, Paganini, Niccolò, 1782-1840, Massenet, Jules, 1842-1912, Achron, Joseph, Rajter, Ľudovít, 1906-2000, Wieniawski, Henryk, 1835-1880, Kupkovič, Ladislav, 1936-2016, Kroll, William, Ravel, Maurice, 1875-1937
Format: CD Audio
Language:Slovak
PhysicalDescription:1 CD (70 min. 06 sek.) stereo 12 cm 1 príl. (30 zop. s.)
Published: [Bratislava] Music Centre Slovakia 2017
Subjects:

MARC

LEADER 00000njm a2200000 a 4500
001 vtls011751925
003 SK-MaSNL
005 20260301183109.0
007 sd usngnnmmned
008 180419s2017 xo zz|egs slo
024 2 |a 8588003436245 
028 1 1 |a HC 10045  |b Music Centre Slovakia 
033 |a 201707-- 
040 |a SNK  |b slo  |c SNK  |e AACR2 
044 |a xo  |c SK 
080 |a (086.76)  |2 2011 
245 0 0 |a Dalibor Karvay  |h zvukový záznam  |b Souvenirs 
246 3 0 |a Souvenirs  |h zvukový záznam 
260 |a [Bratislava]  |b Music Centre Slovakia  |c 2017 
300 |a 1 CD (70 min. 06 sek.)  |b stereo  |c 12 cm  |e 1 príl. (30 zop. s.) 
306 |a 011006 
500 |a Obsahuje 1 CD v papierovom obale-11 skladieb 
511 1 |a Účinkujú: Dalibor Karvay husle, Daniel Buranovský klavír 
518 |a Nahraté v júli 2017 v Lisztzentrum Rading, Austria 
655 7 |a kompaktné platne  |2 SNKPH  |9 70690 
655 7 |a Compact discs  |2 SNKPHeng  |9 136570 
700 1 |a Karvay, Dalibor,  |d 1985-  |4 prf  |9 113998 
700 1 |a Buranovský, Daniel,  |d 1964-  |4 prf  |9 133123 
700 1 2 |a Waxman, Franz  |t Carmen Fantasie based on themes from the opera of Georges Bizet  |9 557887 
700 1 2 |a Saint-Saëns, Camille,  |d 1835-1921  |t Introduction et Rondo capriccioso en la mineur, Op. 28  |9 557888 
700 1 2 |a Paganini, Niccolò,  |d 1782-1840  |t Caprice No. 24 in A minor  |9 557889 
700 1 2 |a Massenet, Jules,  |d 1842-1912  |t Méditation from the opera Thaïs  |9 557890 
700 1 2 |a Achron, Joseph  |t Hebrew Melody, Op. 33  |9 557891 
700 1 2 |a Burlas, Ladislav,  |d 1927-2024  |t Kadencia  |4 cmp  |9 557892 
700 1 2 |a Rajter, Ľudovít,  |d 1906-2000  |t Rondo romantico per violino e pianoforte  |9 557893 
700 1 2 |a Wieniawski, Henryk,  |d 1835-1880  |t Polonaise brillante, Op. 4  |9 557894 
700 1 2 |a Kupkovič, Ladislav,  |d 1936-2016  |t Souvenir  |9 557895 
700 1 2 |a Kroll, William  |t Banjo and Fiddle  |9 557896 
700 1 2 |a Ravel, Maurice,  |d 1875-1937  |t Tzigan  |9 557897 
852 |a Štátna vedecká knižnica v Banskej Bystrici 
999 |c 855849  |d 857779 
952 |a SNK  |b SNK  |y PREZ  |7 0  |p 17A1332669  |o snkSCD 4755  |i snk2018/13903  |8 0  |0 0  |1 0  |4 0  |d 2018-06-28  |l 0  |r 2026-02-24 04:55:59  |w 2026-02-24 
952 |a SNK  |b SNK  |y PREZ  |7 0  |p 17A1332670  |o snkSCD 4755 D1  |i snk2018/13904  |8 0  |0 0  |1 0  |4 0  |d 2018-06-28  |l 0  |r 2026-02-24 04:55:59  |w 2026-02-24